00997 2200265 4500001002100000005001500021035002000036007000300056008004100059100003500100245005600135300003800191020002200229082001300251084002200264264004400286336002100330337002100351338003200372520025900404650002000663990001600683990001600699990001600715INLIS00000000116371520240227093455 a0010-0224000032ta240227 e 1 ind 0 aVivi Amalia Anggraeniepenulis1 aPesan sayang dari kenangan /cVivi Amalia Anggraeni a220 halaman :bilustrasi ;c20 cm a978-623-00-5106-7 a899.2213 aSR 899.2213 VIV p aJakarta :bElex Media Komputindo,c2023 2rdacontentateks 2rdamediaavolume 2rdacarrieratanpa perantara aada masa lalu yang ingin kita kubur dalam-dalam dan kita simpan sendirian. ada masa lalu yang begitu sulit kita lupakan hingga menyisakan kesan yang begitu mendalam. ada masa lalu yang ingin kita lupakan karena teringat sesak yang begitu sulit dipuihkan. 4aFiksi Indonesia a52543.65363 a52543.65363 a52543.65363